German theories of the corporative state
محفوظ في:
| المؤلف الرئيسي: | |
|---|---|
| التنسيق: | كتاب |
| اللغة: | Undetermined |
| منشور في: |
New York
McGraw-Hill
1971
|
| الموضوعات: | |
| الوسوم: |
إضافة وسم
لا توجد وسوم, كن أول من يضع وسما على هذه التسجيلة!
|
| Thư viện lưu trữ: | Trung tâm Học liệu Trường Đại học Cần Thơ |
|---|
| LEADER | 00545nam a2200181Ia 4500 | ||
|---|---|---|---|
| 001 | CTU_81000 | ||
| 008 | 210402s9999 xx 000 0 und d | ||
| 082 | |a 335.6 | ||
| 082 | |b B786 | ||
| 100 | |a Bowen, Ralph | ||
| 245 | 0 | |a German theories of the corporative state | |
| 245 | 0 | |c Ralph Bowen | |
| 260 | |a New York | ||
| 260 | |b McGraw-Hill | ||
| 260 | |c 1971 | ||
| 650 | |a Corporate state,Trade associations | ||
| 904 | |i Nguyên,Hải sửa số pl 335.6/R163 thành 335.6/B786 | ||
| 980 | |a Trung tâm Học liệu Trường Đại học Cần Thơ | ||